Plan de manejo orientado al uso sostenible de la tortuga hicotea en Colombia / (Registro nro. 7447)

Detalles MARC
000 -CABECERA
Campo de control 00981nam a22002417a 4500
005 - FECHA Y HORA DE LA ULTIMA TRANSACCION
Campo de control 20150613020002.0
008 - ELEMENTOS DE LONGITUD FIJA—INFORMACION GENERAL
Campo de control 120206s2009 ck a gr 000010 spa d
015 ## - NATIONAL BIBLIOGRAPHY NUMBER
National bibliography number ck-2009-xxxx
020 ## - ISBN
ISBN 9789587193152
041 0# - IDIOMA
Código de idioma para texto/pista de sonido o título separado Español
082 04 - NUMERO DE CLASIFICACION DECIMAL DEWEY
Número de clasificación 597.92
Número del ítem P69p
245 00 - MENCION DE TITULO
Título Plan de manejo orientado al uso sostenible de la tortuga hicotea en Colombia /
Mención de responsabilidad textos María Angenis Bonilla Gómez ... [et al.].
260 ## - PUBLICACION, DISTRIBUCION, ETC. (PIE DE IMPRENTA)
Lugar de publicación, distribución, etc. Bogotá :
Nombre del editor, distribuidor, etc. Ministerio de Ambiente, Vivienda y Desarrollo Territorial;
-- Universidad Nacional de Colombia;
Fecha de publicación, distribución, etc. 2009.
300 ## - DESCRIPCION FISICA
Extensión 76 p. :
Otros detalles físicos il. ;
Dimensiones 28 cm.
504 ## - NOTA DE BIBLIOGRAFIA, ETC.
Nota de bibliografía Incluye bibliografías.
650 #4 - ASIENTO SECUNDARIO DE MATERIA - TERMINO TEMATICO
Término temático o nombre geográfico como elemento de entrada Tortugas
Subdivisión geográfica Colombia.
650 #4 - ASIENTO SECUNDARIO DE MATERIA - TERMINO TEMATICO
Término temático o nombre geográfico como elemento de entrada Cría de tortugas.
650 #4 - ASIENTO SECUNDARIO DE MATERIA - TERMINO TEMATICO
Término temático o nombre geográfico como elemento de entrada Tortugas
Subdivisión general Distribución geográfica.
650 #4 - ASIENTO SECUNDARIO DE MATERIA - TERMINO TEMATICO
Término temático o nombre geográfico como elemento de entrada Conservación de la vida silvestre
Subdivisión general Investigaciones
Subdivisión geográfica Colombia.
650 #4 - ASIENTO SECUNDARIO DE MATERIA - TERMINO TEMATICO
Término temático o nombre geográfico como elemento de entrada Tortugas
Subdivisión general Hábitos y conducta.
700 1# - ASIENTO SECUNDARIO - NOMBRE PERSONAL
Nombre personal Bonilla Gómez, María Argenis.
942 ## - ELEMENTOS ADICIONALES (KOHA)
Sistema de clasificación Dewey Decimal Classification
Tipo de ítem Bibliografías
Koha issues (borrowed), all copies 2
Existencias
Withdrawn status Lost status Sistema de Clasificación Damaged status No para préstamo Colección Inventariado Ubicación Permanente Ubicación actual Fecha de adquisición Fuente de Valor Valor Total Checkouts Número topográfico Inventario / Código de Barras Date last seen Date checked out Ejemplar Price effective from Forma de adquisición Tipo de material
    Dewey Decimal Classification     General Inventariado 2017 Bogotá Bogotá 24/07/2013 Instituto 39000.00 2 LB-597.92 P69p 028431 12/06/2015 12/06/2015 Ej. 1 24/07/2013 Canje Libro
    Dewey Decimal Classification     General Inventariado 2017 Sala Fabio Quevedo Sala Fabio Quevedo 17/02/2014 Instituto 39000.00   LB-597.92 P69p 059851 17/02/2014   Ej. 2 17/02/2014 Canje Libro
    Dewey Decimal Classification     General Inventariado 2017 Sala Fabio Quevedo Sala Fabio Quevedo 20/02/2014 Instituto 39000.00   LB-597.92 P69p 059862 20/02/2014   Ej. 3 20/02/2014 Canje Libro